[Event "26th WSCC 2016 Open 65+"]
[Site "Marianske Lazne, Czech Republic - Hotel Cristal and Continental"]
[Date "2016.11.21"]
[Round "3.32"]
[White "Altshul, Raffael"]
[Black "Jorgensen, Jorgen"]
[Result "1/2-1/2"]
[WhiteElo "2037"]
[BlackElo "2217"]
[PlyCount "150"]
[EventDate "2016.11.19"]

1. d4 f5 2. Bf4 Nf6 3. e3 d6 4. Nf3 g6 5. Bc4 e6 6. Nc3 Bg7 7. Qd2 O-O 8. Bd3
Nc6 9. O-O-O Nb4 10. Rhe1 Bd7 11. Bc4 Nbd5 12. Bg5 Nxc3 13. Qxc3 h6 14. Bxf6
Qxf6 15. d5 Qxc3 16. bxc3 exd5 17. Bxd5+ Kh7 18. Nd4 c6 19. Bf3 d5 20. Ne2 Be6
21. Kd2 Rfd8 22. Rb1 Rd7 23. Red1 Re8 24. a4 Bf7 25. h4 b6 26. g3 Rc7 27. Ke1
g5 28. hxg5 hxg5 29. Kf1 Bg6 30. Rd2 Bf6 31. Rb4 Kg7 32. Rb1 Be5 33. Rb4 Kf6
34. Rb1 Rh8 35. Kg1 Rg8 36. Kf1 Rf8 37. Kg1 Ke7 38. Re1 Rf7 39. Kf1 Kf8 40. Kg1
Rf6 41. Nd4 Re7 42. Kf1 Be8 43. Bg2 f4 44. exf4 gxf4 45. Rde2 Bd6 46. Rxe7 Bxe7
47. Ne6+ Kf7 48. Nxf4 Bd6 49. Ne2 Bd7 50. f4 Kg6 51. Nd4 Bxf4 52. gxf4 Rxf4+
53. Kg1 c5 54. Nb5 Rxa4 55. Nc7 d4 56. Nd5 dxc3 57. Be4+ Kg5 58. Nxc3 Rc4 59.
Nd1 Bg4 60. Bd3 Rd4 61. Nf2 c4 62. Bf1 b5 63. Re5+ Kf4 64. Rxb5 Ke3 65. Rc5 Bf3
66. Rxc4 Rxc4 67. Bxc4 Kd2 68. Bb3 Kc3 69. Kf1 a5 70. Ke1 Bc6 71. Nd1+ Kb4 72.
Kd2 a4 73. Be6 a3 74. c3+ Kc5 75. Kc2 Ba4+ 1/2-1/2

[Event "26th WSCC 2016 Open 65+"]
[Site "Marianske Lazne, Czech Republic - Hotel Cristal and Continental"]
[Date "2016.11.21"]
[Round "3.33"]
[White "Karlik, Vladimir"]
[Black "Goga, Frantisek"]
[Result "1/2-1/2"]
[WhiteElo "2217"]
[BlackElo "2014"]
[PlyCount "43"]
[EventDate "2016.11.19"]

1. d4 Nf6 2. Nf3 g6 3. g3 Bg7 4. Bg2 O-O 5. O-O d6 6. b3 c5 7. c4 cxd4 8. Nxd4
Qb6 9. Bb2 Nc6 10. e3 Bd7 11. Nc3 Nxd4 12. exd4 Bc6 13. d5 Bd7 14. h3 Nh5 15.
Kh2 Qd4 16. Qe2 Qe5 17. Qf3 Qf6 18. Qe3 Rfe8 19. Rab1 Qd4 20. Qe2 Nf4 21. Qe4
Qxe4 22. Nxe4 1/2-1/2

[Event "26th WSCC 2016 Open 65+"]
[Site "Marianske Lazne, Czech Republic - Hotel Cristal and Continental"]
[Date "2016.11.21"]
[Round "3.34"]
[White "Batakovs, Olegs"]
[Black "Wahlbom, Magnus"]
[Result "0-1"]
[WhiteElo "2034"]
[BlackElo "2215"]
[PlyCount "102"]
[EventDate "2016.11.19"]

1. e4 c5 2. Nf3 d6 3. d4 cxd4 4. Nxd4 Nf6 5. Nc3 a6 6. Be3 e5 7. Nb3 Qc7 8. f3
Be7 9. Qd2 Be6 10. O-O-O O-O 11. g4 Rc8 12. g5 Nh5 13. Kb1 Nd7 14. Qf2 Nf4 15.
h4 b5 16. Rd2 b4 17. Ne2 Nxe2 18. Bxe2 a5 19. Bb5 a4 20. Bxd7 Bxd7 21. Na1 a3
22. bxa3 Rxa3 23. Rd3 Ra4 24. Rb3 Be6 25. Rb2 Rca8 26. Nb3 Qc6 27. Rd1 Qa6 28.
Rd3 Rxa2 29. Rxa2 Qxa2+ 30. Kc1 Bc4 31. Qd2 Rc8 32. Kd1 Bxd3 33. Qxd3 Qb2 34.
Bd2 Qa3 35. Qb5 Qa2 36. Qd3 Qa4 37. Qd5 Qa6 38. Qd3 Qxd3 39. cxd3 d5 40. exd5
Rd8 41. Ke2 Rxd5 42. Ke3 f5 43. gxf6 gxf6 44. Ke4 Rd8 45. d4 exd4 46. Nxd4 f5+
47. Nxf5 Rxd2 48. Nxe7+ Kf7 49. Nc6 b3 50. Ne5+ Ke6 51. Nc4 Rc2 0-1

[Event "26th WSCC 2016 Open 65+"]
[Site "Marianske Lazne, Czech Republic - Hotel Cristal and Continental"]
[Date "2016.11.21"]
[Round "3.35"]
[White "Toefferl, Heimo"]
[Black "Tapper, Larry"]
[Result "0-1"]
[WhiteElo "2033"]
[BlackElo "2212"]
[PlyCount "52"]
[EventDate "2016.11.19"]

1. d4 d5 2. c4 e5 3. dxe5 d4 4. Nf3 Nc6 5. a3 a5 6. e3 Bc5 7. exd4 Bxd4 8. Nxd4
Qxd4 9. Be2 Qxd1+ 10. Bxd1 Nxe5 11. O-O Be6 12. b3 Nd3 13. Bd2 a4 14. Bc3 Nf6
15. Nd2 O-O 16. b4 Rfd8 17. Bc2 c6 18. Rad1 Nf4 19. Bxf6 gxf6 20. Rfe1 Nd3 21.
Bxd3 Rxd3 22. Ne4 Rxa3 23. c5 Rb3 24. Nxf6+ Kg7 25. Nh5+ Kf8 26. Rb1 Bf5 0-1

[Event "26th WSCC 2016 Open 65+"]
[Site "Marianske Lazne, Czech Republic - Hotel Cristal and Continental"]
[Date "2016.11.21"]
[Round "3.36"]
[White "Gerhard, Walter"]
[Black "Harestad, Thor Geir"]
[Result "0-1"]
[WhiteElo "2014"]
[BlackElo "2211"]
[PlyCount "98"]
[EventDate "2016.11.19"]

1. Nf3 Nf6 2. d4 g6 3. g3 Bg7 4. c4 O-O 5. Bg2 d6 6. O-O Nbd7 7. Nc3 e5 8. e4
Re8 9. h3 exd4 10. Nxd4 Nc5 11. Re1 a6 12. Bf4 Nfd7 13. b4 Ne6 14. Nxe6 fxe6
15. Rc1 a5 16. a3 axb4 17. axb4 Ne5 18. Nb5 Bd7 19. Qb3 Rf8 20. Re2 g5 21. Bd2
Rf7 22. Bc3 h5 23. Bb2 h4 24. g4 Bxb5 25. cxb5 Ng6 26. Bxg7 Nf4 27. Rd2 Kxg7
28. Qb2+ e5 29. Bf1 Qf6 30. Rcd1 b6 31. Rc1 Re8 32. Rdc2 Ree7 33. Rc3 Kh6 34.
Bc4 Rg7 35. Bf1 Ne6 36. f3 Nd4 37. Qg2 Rgf7 38. Be2 Qf4 39. Rd1 Rf8 40. Qf2 Ra8
41. Bf1 Rf7 42. Kg2 Ra4 43. Rb1 Qf6 44. Bc4 Rf8 45. Rb2 Rfa8 46. Qe3 R8a7 47.
Rd3 Ra1 48. Qd2 R7a3 49. Re3 Qf4 0-1

[Event "26th WSCC 2016 Open 65+"]
[Site "Marianske Lazne, Czech Republic - Hotel Cristal and Continental"]
[Date "2016.11.21"]
[Round "3.37"]
[White "Sobolevsky, Leonid"]
[Black "Racek, Jiri"]
[Result "1-0"]
[WhiteElo "2207"]
[BlackElo "2018"]
[PlyCount "45"]
[EventDate "2016.11.19"]

1. e4 c6 2. d4 d5 3. Nc3 dxe4 4. Nxe4 Nf6 5. Nxf6+ gxf6 6. Nf3 Bg4 7. Be2 Qc7
8. h3 Bh5 9. O-O e6 10. Be3 Nd7 11. c4 f5 12. Qc1 c5 13. Re1 Bd6 14. dxc5 Bxc5
15. Nd4 Bxe2 16. Rxe2 Rg8 17. Bf4 Qb6 18. Nb5 O-O-O 19. b4 Qc6 20. g3 Ne5 21.
Bxe5 Rxg3+ 22. Bxg3 Qf3 23. Qf4 1-0

[Event "26th WSCC 2016 Open 65+"]
[Site "Marianske Lazne, Czech Republic - Hotel Cristal and Continental"]
[Date "2016.11.21"]
[Round "3.38"]
[White "Roeder, Gerd"]
[Black "Choong, Liong-On Mark"]
[Result "1-0"]
[WhiteElo "2207"]
[BlackElo "1908"]
[PlyCount "77"]
[EventDate "2016.11.19"]

1. e4 c5 2. c3 g6 3. d4 cxd4 4. cxd4 d5 5. e5 Bg7 6. Nc3 Nc6 7. Bb5 a6 8. Bxc6+
bxc6 9. Nge2 e6 10. Na4 Ne7 11. h4 h6 12. b3 O-O 13. Ba3 a5 14. Rc1 Ba6 15. Rh3
Nf5 16. Bxf8 Bxf8 17. Rxc6 Nxh4 18. Kf1 Qg5 19. Rg3 Qh5 20. Nac3 Bb4 21. Kg1
Nf5 22. Rh3 Qg4 23. f3 Qg5 24. Qc1 Qxc1+ 25. Nxc1 Nxd4 26. Rc7 Ba3 27. Rh4 Nf5
28. Ra4 Bxc1 29. Rxa5 Bd2 30. b4 Nd4 31. Kf2 Kg7 32. a3 Nb3 33. Ra4 d4 34. Ne4
Bb7 35. Rxa8 Bxa8 36. Nxd2 Nxd2 37. b5 Nb3 38. b6 Na5 39. Ra7 1-0

[Event "26th WSCC 2016 Open 65+"]
[Site "Marianske Lazne, Czech Republic - Hotel Cristal and Continental"]
[Date "2016.11.21"]
[Round "3.39"]
[White "Hund, Gerhard"]
[Black "Gergel, Vladimir P"]
[Result "0-1"]
[WhiteElo "2005"]
[BlackElo "2201"]
[PlyCount "68"]
[EventDate "2016.11.19"]

1. d4 d5 2. c4 e6 3. Nf3 Nf6 4. Bg5 Nbd7 5. e3 c6 6. Nc3 Qa5 7. Bxf6 Nxf6 8.
Nd2 Bb4 9. Qc2 Ne4 10. Ndxe4 dxe4 11. Be2 O-O 12. O-O f5 13. a3 Bd6 14. c5 Bb8
15. f3 exf3 16. gxf3 e5 17. Bc4+ Kh8 18. f4 exd4 19. exd4 Qd8 20. Qf2 b5 21.
Bb3 a6 22. Rae1 Ra7 23. d5 cxd5 24. Bxd5 Rd7 25. Rd1 Qf6 26. Rfe1 Qh6 27. Ne2
g5 28. Qd4+ Rg7 29. fxg5 Bxh2+ 30. Kf1 Qxg5 31. Qf2 Bc7 32. Rd4 f4 33. Nxf4
Bxf4 34. Rxf4 Qxf4 0-1

[Event "26th WSCC 2016 Open 65+"]
[Site "Marianske Lazne, Czech Republic - Hotel Cristal and Continental"]
[Date "2016.11.21"]
[Round "3.40"]
[White "Wheeler, Robert"]
[Black "Friedman, Josef"]
[Result "1/2-1/2"]
[WhiteElo "2007"]
[BlackElo "2187"]
[PlyCount "50"]
[EventDate "2016.11.19"]

1. Nf3 Nf6 2. c4 e6 3. b3 d5 4. Bb2 Be7 5. g3 O-O 6. Bg2 c6 7. O-O Nbd7 8. Qc2
Qa5 9. d3 dxc4 10. bxc4 e5 11. Nbd2 Re8 12. e3 Ba3 13. Rab1 Bxb2 14. Rxb2 Nc5
15. Nb3 Nxb3 16. axb3 e4 17. dxe4 Nxe4 18. Nd4 Nf6 19. b4 Qh5 20. c5 a6 21. Re1
Rd8 22. Ra2 Bd7 23. Raa1 Ng4 24. h3 Nf6 25. Kh2 g6 1/2-1/2

[Event "26th WSCC 2016 Open 65+"]
[Site "Marianske Lazne, Czech Republic - Hotel Cristal and Continental"]
[Date "2016.11.21"]
[Round "3.41"]
[White "Simkin, Alexander"]
[Black "Vechet, Stanislav"]
[Result "1/2-1/2"]
[WhiteElo "1782"]
[BlackElo "2149"]
[PlyCount "106"]
[EventDate "2016.11.19"]

1. d4 d5 2. c4 e6 3. Nc3 Nf6 4. Nf3 Be7 5. e3 O-O 6. Bd3 dxc4 7. Bxc4 a6 8. O-O
b5 9. Bd3 Bb7 10. a3 c5 11. dxc5 Bxc5 12. Qe2 Nbd7 13. Rd1 Qe7 14. b4 Bd6 15.
Bb2 Rac8 16. Rac1 Bb8 17. h3 Nb6 18. Nd2 Rfd8 19. Nce4 Nxe4 20. Rxc8 Rxc8 21.
Nxe4 Bxe4 22. Bxe4 Nc4 23. Ba1 f5 24. Bf3 Rd8 25. Rxd8+ Qxd8 26. a4 Qd6 27. g3
Qxb4 28. Qd1 Qd6 29. axb5 Qxd1+ 30. Bxd1 axb5 31. Bb3 Kf7 32. Bc3 g5 33. Kf1 e5
34. Ke2 Ke6 35. Bb4 e4 36. Bf8 Be5 37. Bh6 Bf6 38. Bf8 h5 39. Bb4 Be5 40. Bc2
Bb2 41. Bf8 Bc3 42. Bh6 g4 43. hxg4 hxg4 44. Bb3 Kd5 45. Bf8 Be5 46. Bb4 Ke6
47. Kd1 Kf6 48. Kc2 Nxe3+ 49. fxe3 Bxg3 50. Kd2 Be5 51. Ke2 f4 52. exf4 Bxf4
53. Bd5 Ke5 1/2-1/2

[Event "26th WSCC 2016 Open 65+"]
[Site "Marianske Lazne, Czech Republic - Hotel Cristal and Continental"]
[Date "2016.11.21"]
[Round "3.42"]
[White "Kende, Gyorgy Dr"]
[Black "Kratschmer, Heinz"]
[Result "1/2-1/2"]
[WhiteElo "2145"]
[BlackElo "2008"]
[PlyCount "71"]
[EventDate "2016.11.19"]

1. e4 c5 2. Nf3 g6 3. d3 Bg7 4. g3 Nc6 5. Bg2 d6 6. O-O e5 7. a3 Nge7 8. c3 O-O
9. b4 h6 10. Nbd2 Be6 11. Bb2 Rc8 12. b5 Na5 13. c4 a6 14. a4 Ra8 15. Qc2 b6
16. Ne1 Qd7 17. f4 Nb7 18. Nef3 f6 19. Nb1 axb5 20. axb5 Rxa1 21. Bxa1 Ra8 22.
Nc3 Nd8 23. Bb2 Ra5 24. Nh4 exf4 25. gxf4 f5 26. Nd5 Ra2 27. Rb1 Bxd5 28. exd5
Kh7 29. Nf3 Ng8 30. Qb3 Rxb2 31. Rxb2 Bxb2 32. Qxb2 Qg7 33. Qxg7+ Kxg7 34. Kf2
Nf6 35. h3 Kf7 36. Ke3 1/2-1/2

[Event "26th WSCC 2016 Open 65+"]
[Site "Marianske Lazne, Czech Republic - Hotel Cristal and Continental"]
[Date "2016.11.21"]
[Round "3.43"]
[White "Bratus, Petr P"]
[Black "Horyna, Josef"]
[Result "1-0"]
[WhiteElo "2140"]
[BlackElo "1746"]
[PlyCount "135"]
[EventDate "2016.11.19"]

1. d4 Nf6 2. Nf3 d5 3. c4 e6 4. Nc3 c6 5. e3 Bd6 6. Bd3 Nbd7 7. O-O O-O 8. e4
dxe4 9. Nxe4 Nxe4 10. Bxe4 Nf6 11. Bc2 b6 12. Bg5 Be7 13. Qd3 g6 14. Ne5 Bb7
15. Qf3 Rc8 16. Rad1 Nh5 17. Bh6 Ng7 18. Rfe1 Bg5 19. Bxg5 Qxg5 20. Be4 Nf5 21.
Bxc6 Nh4 22. Qg3 Qxg3 23. hxg3 Bxc6 24. gxh4 Ba8 25. b3 Rfd8 26. Ng4 h5 27. Ne3
Rd7 28. Rd2 Rcd8 29. Red1 Bb7 30. f3 Kg7 31. Kf2 f6 32. Ke2 Kf7 33. Rd3 Ba8 34.
R1d2 Bb7 35. Nd1 Bc6 36. Nc3 Ba8 37. Ke3 Bc6 38. a4 a5 39. d5 exd5 40. Nxd5
Re8+ 41. Kf2 Bxd5 42. Rxd5 Rxd5 43. Rxd5 Re6 44. g4 hxg4 45. fxg4 Ke7 46. Kf3
Rc6 47. Kf4 Ke6 48. Ke4 Rc8 49. Rb5 Rc6 50. h5 gxh5 51. gxh5 Rd6 52. Rd5 Rc6
53. Kf4 Rc8 54. Rb5 Rc6 55. h6 Kf7 56. Kf5 Rd6 57. Rd5 Rc6 58. Rd7+ Kg8 59.
Rg7+ Kh8 60. Rg6 b5 61. axb5 Rc5+ 62. Kxf6 a4 63. bxa4 Rxc4 64. Ke6 Rxa4 65.
Kd6 Kh7 66. Re6 Rb4 67. Kc6 Rb1 68. b6 1-0

[Event "26th WSCC 2016 Open 65+"]
[Site "Marianske Lazne, Czech Republic - Hotel Cristal and Continental"]
[Date "2016.11.21"]
[Round "3.44"]
[White "Kayaman, Metin"]
[Black "Kjolberg, Lars"]
[Result "1-0"]
[WhiteElo "1732"]
[BlackElo "2140"]
[PlyCount "85"]
[EventDate "2016.11.19"]

1. d4 Nf6 2. Nf3 g6 3. Bf4 Bg7 4. e3 O-O 5. Nbd2 c5 6. c3 d6 7. Bd3 Nc6 8. Qc2
cxd4 9. exd4 Nd5 10. Bg3 e5 11. Be4 Nde7 12. dxe5 dxe5 13. O-O-O Qc7 14. h4 h5
15. Rhe1 Bg4 16. Nc4 f5 17. Bd5+ Nxd5 18. Rxd5 Bxf3 19. gxf3 f4 20. Bh2 Qf7 21.
Qe4 Rad8 22. Nd6 Qe6 23. Red1 Ne7 24. R5d3 b6 25. b3 Kh7 26. Kc2 Rd7 27. Nf7
Qxf7 28. Rxd7 Re8 29. Rxa7 Qf5 30. Rdd7 Bf6 31. Kb2 Qxe4 32. fxe4 Bxh4 33. f3
Kg8 34. Bg1 Kf7 35. Bxb6 Ke6 36. Bc5 Bf6 37. b4 h4 38. Rd6+ Kf7 39. Raa6 Bg5
40. Rd1 h3 41. Rh1 Rh8 42. Rd6 Ng8 43. Rd2 1-0

[Event "26th WSCC 2016 Open 65+"]
[Site "Marianske Lazne, Czech Republic - Hotel Cristal and Continental"]
[Date "2016.11.21"]
[Round "3.45"]
[White "Weller, Karl"]
[Black "Renman, Nils-Gustaf"]
[Result "0-1"]
[WhiteElo "1969"]
[BlackElo "2352"]
[PlyCount "70"]
[EventDate "2016.11.19"]

{Waiting for moves from server...} 1. c4 c5 2. Nf3 Nc6 3. d4 cxd4 4. Nxd4 Nf6
5. Nc3 e6 6. Nxc6 bxc6 7. e4 e5 8. Bd3 Bc5 9. O-O O-O 10. Kh1 d6 11. Be2 Qe7
12. Be3 Bxe3 13. fxe3 a5 14. Rc1 Rd8 15. Rc2 a4 16. Qe1 Nd7 17. b4 axb3 18.
axb3 Rb8 19. b4 Rxb4 20. Nd5 cxd5 21. Qxb4 d4 22. Rd2 Nc5 23. exd4 Nxe4 24.
dxe5 Nxd2 25. Qxd2 Qxe5 26. Bf3 Be6 27. Re1 Qc5 28. Bd5 Re8 29. h3 h6 30. Qf4
Qc7 31. Re3 Qd8 32. h4 Bxd5 33. Rxe8+ Qxe8 34. cxd5 Qe1+ 35. Kh2 Qe5 0-1

[Event "26th WSCC 2016 Open 65+"]
[Site "Marianske Lazne, Czech Republic - Hotel Cristal and Continental"]
[Date "2016.11.21"]
[Round "3.46"]
[White "Boehnisch, Manfred"]
[Black "Trojan, Lubos"]
[Result "1-0"]
[WhiteElo "2297"]
[BlackElo "1987"]
[PlyCount "81"]
[EventDate "2016.11.19"]

1. e4 e6 2. d4 d5 3. exd5 exd5 4. Nf3 Bd6 5. c4 c6 6. Nc3 Ne7 7. Bd3 h6 8. Qb3
O-O 9. Be3 b6 10. cxd5 Nxd5 11. Nxd5 cxd5 12. O-O-O Be6 13. h3 Nc6 14. Kb1 Nb4
15. g4 a5 16. Ne1 a4 17. Qc3 Be7 18. f4 Rc8 19. Qd2 f5 20. Rg1 a3 21. b3 Qc7
22. Rc1 Qd7 23. Qg2 Rxc1+ 24. Bxc1 fxg4 25. hxg4 Nxd3 26. Nxd3 Bd6 27. f5 Bf7
28. Ne5 Qb5 29. g5 hxg5 30. Rh1 Bxe5 31. Qh3 Bh5 32. dxe5 Qe2 33. Bxa3 Qe4+ 34.
Ka1 Rxf5 35. Qxh5 Rxe5 36. Bb2 d4 37. Rc1 Rc5 38. Rxc5 bxc5 39. Qxg5 Qh1+ 40.
Qc1 Qd5 41. Qc4 1-0

[Event "26th WSCC 2016 Open 65+"]
[Site "Marianske Lazne, Czech Republic - Hotel Cristal and Continental"]
[Date "2016.11.21"]
[Round "3.47"]
[White "Davydov, Mihail"]
[Black "Vikulov, Alexander"]
[Result "1/2-1/2"]
[WhiteElo "1986"]
[BlackElo "2275"]
[PlyCount "103"]
[EventDate "2016.11.19"]

1. e4 d6 2. d4 Nf6 3. Nc3 g6 4. Be3 c6 5. Qd2 b5 6. f3 Nbd7 7. Nh3 Bg7 8. Bh6
O-O 9. Nf2 b4 10. Ncd1 Qb6 11. Bxg7 Kxg7 12. Ne3 a5 13. h4 Ng8 14. h5 e5 15.
hxg6 fxg6 16. d5 c5 17. O-O-O a4 18. Bc4 Ba6 19. Bxa6 Qxa6 20. Nf5+ Rxf5 21.
exf5 Qc4 22. Kb1 b3 23. cxb3 axb3 24. a3 Nb6 25. fxg6 hxg6 26. Ne4 Nxd5 27.
Nxd6 Qc2+ 28. Qxc2 bxc2+ 29. Kxc2 Ne3+ 30. Kc3 Nxd1+ 31. Rxd1 Nf6 32. Ne4 Nxe4+
33. fxe4 Ra4 34. Rd5 Rxe4 35. Rxc5 Kf6 36. Rc4 Re3+ 37. Kb4 Re2 38. b3 Rxg2 39.
a4 Kf5 40. a5 e4 41. Kc5 Ra2 42. b4 e3 43. Kb6 Ra4 44. Rc5+ Kf4 45. b5 Ra1 46.
Rc2 Kf3 47. a6 e2 48. Rxe2 Kxe2 49. Ka7 g5 50. b6 g4 51. b7 Rb1 52. b8=Q
1/2-1/2

[Event "26th WSCC 2016 Open 65+"]
[Site "Marianske Lazne, Czech Republic - Hotel Cristal and Continental"]
[Date "2016.11.21"]
[Round "3.48"]
[White "Lind, Jan-Olov"]
[Black "Baeta, Marcio Netto"]
[Result "1/2-1/2"]
[WhiteElo "2213"]
[BlackElo "1981"]
[PlyCount "85"]
[EventDate "2016.11.19"]

1. e4 Nf6 2. d3 e5 3. Nf3 Nc6 4. Be2 d5 5. Nbd2 Bc5 6. O-O O-O 7. c3 a5 8. a4
dxe4 9. dxe4 Bg4 10. Qc2 Qe7 11. Nc4 Nh5 12. Ne3 Bxe3 13. Bxe3 Nf4 14. Bxf4
exf4 15. Nd4 Bd7 16. Qd2 Nxd4 17. cxd4 Qxe4 18. Bf3 Qf5 19. Bxb7 Rab8 20. Bf3
Rb4 21. Rac1 Qf6 22. Rxc7 Rxd4 23. Qxa5 Rxa4 24. Qc3 Rd4 25. Rd1 Rxd1+ 26. Bxd1
Re8 27. Be2 Rxe2 28. Rxd7 g5 29. h3 Qxc3 30. bxc3 Rc2 31. Rc7 Rc1+ 32. Kh2 Rf1
33. f3 h5 34. Rc5 f6 35. h4 g4 36. Rxh5 gxf3 37. gxf3 Rxf3 38. Rc5 Kg7 39. Kg2
Re3 40. Kf2 Kg6 41. h5+ Kh6 42. Kf1 f5 43. Rxf5 1/2-1/2

[Event "26th WSCC 2016 Open 65+"]
[Site "Marianske Lazne, Czech Republic - Hotel Cristal and Continental"]
[Date "2016.11.21"]
[Round "3.49"]
[White "Sprotte, Norbert"]
[Black "Ladisic, Alex-Sacha"]
[Result "1/2-1/2"]
[WhiteElo "2196"]
[BlackElo "1970"]
[PlyCount "46"]
[EventDate "2016.11.19"]

1. d4 Nf6 2. Nf3 d6 3. c4 Nc6 4. Nc3 e5 5. g3 Bg4 6. d5 Ne7 7. Bg2 Qc8 8. h3
Bd7 9. e4 Ng6 10. Be3 Be7 11. Rc1 O-O 12. b4 a5 13. b5 b6 14. Nd2 Ne8 15. h4 f5
16. exf5 Bxf5 17. Nde4 h6 18. Bd2 Nf6 19. Nxf6+ Bxf6 20. Ne4 Bd7 21. Nxf6+ Rxf6
22. Be4 Ne7 23. f3 Bf5 {not possible to read. Finished in 32.} 1/2-1/2

[Event "26th WSCC 2016 Open 65+"]
[Site "Marianske Lazne, Czech Republic - Hotel Cristal and Continental"]
[Date "2016.11.21"]
[Round "3.50"]
[White "Jorgensen, Arne Bjorn"]
[Black "Raikin, Leonid"]
[Result "1/2-1/2"]
[WhiteElo "1965"]
[BlackElo "2180"]
[PlyCount "137"]
[EventDate "2016.11.19"]

1. d4 d5 2. Nf3 Nf6 3. c4 c6 4. e3 Bf5 5. Bd3 Bxd3 6. Qxd3 e6 7. Nc3 Nbd7 8.
O-O Bd6 9. b3 O-O 10. Bb2 Qe7 11. e4 dxe4 12. Nxe4 Ba3 13. Bc3 Bb4 14. Bb2 Ba3
15. Bc3 Nxe4 16. Qxe4 Nf6 17. Qe2 Bd6 18. h3 Rfd8 19. Rad1 a5 20. Rfe1 Bb4 21.
Qc2 a4 22. Ne5 axb3 23. axb3 Bxc3 24. Qxc3 Ra2 25. Ra1 Rda8 26. Rxa2 Rxa2 27.
Nd3 Ra8 28. b4 h6 29. Ne5 Qd6 30. Nf3 Ra4 31. b5 cxb5 32. cxb5 Ra8 33. Rc1 Rd8
34. Qb2 Nd5 35. Rc5 Ne7 36. Qc3 f6 37. Qc4 Rd7 38. Qc2 Nf5 39. d5 Ne7 40. dxe6
Qxe6 41. Rc7 Nd5 42. Rxd7 Qxd7 43. Qc4 Kf8 44. Qc5+ Kf7 45. Qc4 Qe6 46. Qc5 Ke8
47. Qc2 Kf7 48. Qc4 Ne7 49. Qc5 Qd5 50. Qb4 Nf5 51. Qb2 Nd6 52. Nd4 Kf8 53. Qb4
Kg8 54. Qb2 Kh8 55. Qb4 f5 56. Qb2 Qe5 57. Qb4 Kh7 58. Nf3 Qd5 59. Nd4 Kg6 60.
Qb2 Qe5 61. Qb4 Kf6 62. Nf3 Qa1+ 63. Kh2 Ke6 64. Qb3+ Ke7 65. Qd5 Qf6 66. Qc5
Kf7 67. Ne5+ Kg8 68. Qd5+ Kh7 69. Nf3 1/2-1/2

[Event "26th WSCC 2016 Open 65+"]
[Site "Marianske Lazne, Czech Republic - Hotel Cristal and Continental"]
[Date "2016.11.21"]
[Round "3.51"]
[White "Gal, Moshe"]
[Black "Bauder, Herbert"]
[Result "1-0"]
[WhiteElo "2150"]
[BlackElo "1963"]
[PlyCount "109"]
[EventDate "2016.11.19"]

1. d4 Nf6 2. c4 g6 3. Nc3 Bg7 4. Nf3 O-O 5. Bf4 c5 6. d5 d6 7. h3 a6 8. a4 Qa5
9. Bd2 Qc7 10. e4 e6 11. Be2 exd5 12. exd5 Re8 13. O-O Nbd7 14. Re1 Ne5 15.
Nxe5 Rxe5 16. Bf4 Re8 17. Bd3 Bd7 18. Qd2 Rxe1+ 19. Rxe1 Re8 20. b3 Nh5 21.
Rxe8+ Bxe8 22. Bh2 Qa5 23. Qe2 Nf6 24. Ne4 Nxe4 25. Qxe4 Qd8 26. Bxd6 Qxd6 27.
Qxe8+ Bf8 28. g3 b6 29. Kg2 Kg7 30. Qe4 Qf6 31. h4 Bd6 32. Be2 Qe5 33. Qd3 f5
34. f4 Qe7 35. Kf2 h5 36. a5 Qc7 37. axb6 Qxb6 38. Qe3 Qc7 39. Qc3+ Kh7 40. Ke1
Qb6 41. Kf2 a5 42. Qf6 Qc7 43. Bxh5 gxh5 44. Qxf5+ Kg8 45. Qg6+ Kf8 46. Qxh5
Qb6 47. Qf5+ Ke7 48. Qe6+ Kd8 49. h5 Kc7 50. Qe8 Qb8 51. Qxb8+ Kxb8 52. h6 Bf8
53. h7 Bg7 54. Kf3 Kc7 55. Kg4 1-0

[Event "26th WSCC 2016 Open 65+"]
[Site "Marianske Lazne, Czech Republic - Hotel Cristal and Continental"]
[Date "2016.11.21"]
[Round "3.52"]
[White "Cao, Jorge"]
[Black "Tchetchelnitski, Boris"]
[Result "1/2-1/2"]
[WhiteElo "1962"]
[BlackElo "2144"]
[PlyCount "36"]
[EventDate "2016.11.19"]

1. d4 e6 2. c4 Nf6 3. Nc3 Bb4 4. e3 c5 5. Nf3 O-O 6. Bd3 d5 7. O-O dxc4 8. Bxc4
Qc7 9. Qe2 Bxc3 10. bxc3 Nbd7 11. Bb2 Re8 12. e4 e5 13. d5 Nb6 14. Bb3 Bg4 15.
c4 Nc8 16. h3 Bh5 17. g4 Bg6 18. Nd2 Nd6 1/2-1/2

[Event "26th WSCC 2016 Open 65+"]
[Site "Marianske Lazne, Czech Republic - Hotel Cristal and Continental"]
[Date "2016.11.21"]
[Round "3.53"]
[White "Vrabec, Milos"]
[Black "Mckerracher, Douglas"]
[Result "0-1"]
[WhiteElo "2138"]
[BlackElo "1962"]
[PlyCount "104"]
[EventDate "2016.11.19"]

1. f4 f5 2. e4 fxe4 3. d3 Nf6 4. Nc3 exd3 5. Bxd3 d5 6. Nf3 Nc6 7. O-O Bg4 8.
h3 Bxf3 9. Qxf3 Qd7 10. f5 O-O-O 11. Bg5 Kb8 12. Rae1 Nb4 13. Bb5 c6 14. Ba4 h6
15. Bh4 Rg8 16. Qf4+ Qd6 17. Qxd6+ exd6 18. Re6 Na6 19. Rfe1 Nc5 20. R6e2 g5
21. fxg6 Rxg6 22. Rf1 Bg7 23. Re7 Rg8 24. Rxg7 R8xg7 25. Rxf6 Rxg2+ 26. Kf1 d4
27. b4 Nxa4 28. Nxa4 Rxc2 29. Rxd6 Rxa2 30. Nc5 Rgg2 31. Rxd4 b6 32. Ne4 Rgc2
33. Nf2 c5 34. bxc5 Rxc5 35. Rd6 h5 36. Rd7 a5 37. Rf7 a4 38. Bd8 b5 39. Be7
Rcc2 40. Rf5 Rab2 41. Kg1 Rb3 42. Rxh5 Kb7 43. Rf5 Kc6 44. Rf8 Kd7 45. Bh4 a3
46. Rd8+ Ke6 47. Re8+ Kf7 48. Re7+ Kf8 49. Ra7 a2 50. Bf6 Rf3 51. Bg7+ Kg8 52.
Ne4 Rf7 0-1

[Event "26th WSCC 2016 Open 65+"]
[Site "Marianske Lazne, Czech Republic - Hotel Cristal and Continental"]
[Date "2016.11.21"]
[Round "3.54"]
[White "Agzamov, Valeriy"]
[Black "Kazantsev, Valentin"]
[Result "1/2-1/2"]
[WhiteElo "2137"]
[BlackElo "1953"]
[PlyCount "65"]
[EventDate "2016.11.19"]

1. d4 Nf6 2. c4 d6 3. Nf3 c6 4. Nc3 Bg4 5. e4 Nbd7 6. Be2 e5 7. O-O Be7 8. d5
c5 9. Ne1 Bxe2 10. Qxe2 O-O 11. Nd3 Ne8 12. f4 exf4 13. Bxf4 Bf6 14. Rae1 Bd4+
15. Kh1 Ne5 16. Bxe5 dxe5 17. Nb5 f6 18. Nxd4 cxd4 19. Nc5 Rf7 20. Ne6 Qa5 21.
Rf3 b6 22. a3 Rc8 23. b4 Qa6 24. c5 Qxe2 25. Rxe2 bxc5 26. bxc5 Rb7 27. h3 Kf7
28. Rff2 Rb1+ 29. Kh2 Ke7 30. Rb2 Rb8 31. Rxb1 Rxb1 32. Rc2 g6 33. Kg3 1/2-1/2

[Event "26th WSCC 2016 Open 65+"]
[Site "Marianske Lazne, Czech Republic - Hotel Cristal and Continental"]
[Date "2016.11.21"]
[Round "3.55"]
[White "Schwertel, Johann"]
[Black "Beltz, Robert"]
[Result "0-1"]
[WhiteElo "1961"]
[BlackElo "2135"]
[PlyCount "138"]
[EventDate "2016.11.19"]

1. d4 Nf6 2. Nf3 e6 3. c3 b6 4. g3 Bb7 5. Bg2 c5 6. O-O d6 7. dxc5 bxc5 8. Nbd2
d5 9. b3 Nbd7 10. Bb2 Qc7 11. e3 Be7 12. c4 O-O 13. Qc2 Rfd8 14. Rfd1 Rac8 15.
Rac1 Qb8 16. Bc3 Qa8 17. Ne1 e5 18. cxd5 Nxd5 19. Nc4 Nb4 20. Qb1 Bxg2 21. Nxg2
f6 22. Bxb4 cxb4 23. Qf5 Nc5 24. Qc2 Ne4 25. Rxd8+ Rxd8 26. Rd1 Rxd1+ 27. Qxd1
Nc3 28. Qd2 Qe4 29. Qb2 Qb1+ 30. Qxb1 Nxb1 31. Ne1 Nc3 32. Nc2 Nxa2 33. Na5 Kf7
34. Kf1 Ke6 35. Ke2 Kd5 36. f3 Bd8 37. e4+ Ke6 38. Nc6 Bb6 39. N2xb4 Nc1+ 40.
Kd2 Nxb3+ 41. Kc3 Nd4 42. Nxd4+ Bxd4+ 43. Kc4 f5 44. h3 h5 45. exf5+ Kxf5 46.
Nd3 Ke6 47. g4 h4 48. f4 Kd6 49. fxe5+ Bxe5 50. Nc5 Bh2 51. Nd3 Bg1 52. Nf4 g5
53. Ne2 Bf2 54. Nc1 Be3 55. Nd3 Bb6 56. Kc3 Kd5 57. Kd2 Ke4 58. Ke2 a5 59. Nb2
Bd4 60. Na4 Kf4 61. Kd3 Bf2 62. Ke2 Kg3 63. Nc3 Bb6 64. Ne4+ Kxh3 65. Kf3 Bd8
66. Nc3 Kh2 67. Kf2 Bb6+ 68. Kf3 Bd4 69. Ne4 a4 0-1